Footballeurs par lettre H - Statistiques

Statistiques générales
  • Ce quiz a été pris 194 fois
  • Le résultat moyen est 14 sur 20
Statistiques - réponses
Par images Réponse % Correct
Haaland
99%
Hazard
98%
Hakimi
97%
Hernandez
96%
Hummels
92%
Higuain
91%
Henderson
89%
Havertz
88%
Hamsik
82%
Haller
77%
Herrera
77%
Hilton
68%
Hoarau
62%
Hojbjerg
55%
Huntelaar
54%
Haraldsson
43%
Hee chan
42%
Hector
30%
Henrichs
28%
Holgate
11%
Aucun quiz correspondant
Distribution des résultats
% des personnes avec chaque résultat
Percentile par nombre de réponses
Votre historique - résultats
Vous n’avez pas pris ce quiz